000 00334nam a2200157Ia 4500
100 _aPatnaik/Srikanta
650 _aRobot
942 _cBK
366 _f20
654 _arobot
245 _aRobot cognition and Navigation
260 _bSpringer
_aMumbai
_c2007
082 _a629.392/PAT
_bPAT
300 _a288
546 _aENGLISH
999 _c29554
_d29554